000 00478nam a2200169Ia 4500
008 180921t2017 xxu||||| |||| 00| 0 sin d
041 _asin
080 _a159.9
_bBAK
100 _aBakmeewava, Asanka
245 _aසිත පාලනය සහ ජයගැනීම
246 _aSitha Palanaya saha Jeevithaya Jayaganeema
260 _bWasana Publisher
_aDankotuwa
_c2017
300 _b128p, 22cm
942 _cBK
999 _c702
_d702
003 LK-CoDNM
040 _aLK-CoDNM
_dLK-CoDNM
_eLK-CoDNM